Ielts reading test

Guardado en:
Detalles Bibliográficos
Formato: Libro
Publicado: 2004
Etiquetas: Agregar Etiqueta
Sin Etiquetas, Sea el primero en etiquetar este registro!
Thư viện lưu trữ: Mạng thư viện Đại học Đà Nẵng
LEADER 00431nam a22001811a 4500
001 000037375
003 13670
005 20160412020335.0
008 160412s2004 000
082 |a 4A(07)435-36 
245 |a Ielts reading test  |c Mc Caeter & Ash 
260 |c 2004 
OWN |a LNN 
999 |a From the UDN01 
TYP |a Monograph 
980 |a Mạng thư viện Đại học Đà Nẵng